| 000 | 01276nam a22003617a 4500 | ||
|---|---|---|---|
| 001 | 708975 | ||
| 003 | OSt | ||
| 005 | 20210422051841.0 | ||
| 008 | 970613s1997 ilua b 001 0 eng | ||
| 010 | _a 97023808 | ||
| 020 | _a0944496512 (pbk. : alk. paper) | ||
| 040 |
_aeng _cDLC _deng _beng |
||
| 041 | _aeng | ||
| 050 | 0 | 0 |
_aRA394 _b.W353 1997 |
| 080 |
_a614 _bW-20 |
||
| 082 | 0 | 0 |
_a362.1/068/5 _221 |
| 100 | 1 | _aWall, Deborah K. | |
| 245 | 1 | 0 |
_aQuality management 2000 : _bpreparing the quality improvement professional for the future / _c/ by: Precept Press |
| 246 | 3 | _aQuality management two thousand | |
| 260 |
_aChicago : _bPrecept Press, _cc1997. |
||
| 300 |
_avii, 189 p. : _bill. ; _c26 cm. |
||
| 365 | _b40 usd | ||
| 504 | _aIncludes bibliographical references (p. 181-183) and index. | ||
| 650 | 0 |
_aMedical care _xQuality control. |
|
| 650 | 0 |
_aPublic Health _9337 |
|
| 650 | 0 |
_aMedical care _xEvaluation. |
|
| 650 | 0 | _aHealth services administration. | |
| 653 | _aსაზოგადოებრივი ჯანდაცვა | ||
| 700 | 1 | _aProyect, Mitchell M. | |
| 906 |
_a7 _bcbc _corignew _d1 _eocip _f19 _gy-gencatlg |
||
| 942 |
_2udc _cBK |
||
| 999 |
_c759 _d759 |
||